| 000 | 00784nam a22002297a 4500 | ||
|---|---|---|---|
| 999 |
_c14486 _d14486 |
||
| 003 | AR-CdUCM | ||
| 008 | 190423b ||||| |||| 00| 0 spa d | ||
| 020 | _a978-612-4124-28-0 | ||
| 040 |
_aMUNICIPALIDAD PROVINCIAL DEL CUSCO _cBIBLIOTECA MUNICIPAL DEL CUSCO |
||
| 041 | _hspa | ||
| 082 |
_aEP / 808.06 / _bT72 |
||
| 100 |
_aToro Montalvo, César _912608 |
||
| 245 | _aDuendes del Perú / | ||
| 260 |
_aPerú : _bAldo ediciones y producciones gráficas, _c2015. |
||
| 300 |
_a112 páginas ; _bIlustraciones, _c28 cm. |
||
| 505 | _aContenido: El duende minero -- Ichi, el enanito -- Muqui -- Los gentiles -- Muqui -- Cuentos del muki... | ||
| 650 |
_aDuendes _933292 |
||
| 650 |
_aPerú _951606 |
||
| 650 |
_aInfantil _96210 |
||
| 942 |
_2ddc _cLIBROS |
||
| 945 |
_adavv _d23/04/2019 |
||